00321nam a2200133Ia 4500008004100000041000800041082001200049100003200061245003400093250000800127260003600135300000800171365000800179230511s1992 xx 000 0 und d aeng a346.086 aSrinivasan M N and Kannan K aPrinciples of Insurance Law  a5th aBangalorebRamanuja Pub .c1992 a200 b125